España y Francia en la Edad Media (Record no. 137401)

MARC details
000 -LEADER
campo de control de longitud fija 00615nam a2200169 4500
001 - NÚMERO DE CONTROL
campo de control 137401
003 - IDENTIFICADOR DE NÚMERO DE CONTROL
campo de control ES-MaACL
007 - CAMPO FIJO DE DESCRIPCIÓN FÍSICA--INFORMACIÓN GENERAL
campo de control de longitud fija t|
008 - DATOS DE LONGITUD FIJA--INFORMACIÓN GENERAL
campo de control de longitud fija 070214s1923 sp r ||||1| spa d
100 1# - ENTRADA PRINCIPAL--NOMBRE DE PERSONA
Nombre de persona Sánchez-Albornoz, Claudio,
Fechas asociadas al nombre 1893-1984
9 (RLIN) 102440
245 10 - MENCIÓN DEL TÍTULO
Título España y Francia en la Edad Media
Resto del título : causas de su diferenciación política /
Mención de responsabilidad, etc. Claudio Sánchez-Albornoz.
260 ## - PUBLICACIÓN, DISTRIBUCIÓN, ETC.
Lugar de publicación, distribución, etc. [s.l.] :
Nombre del editor, distribuidor, etc. [s.n.],
Fecha de publicación, distribución, etc. 1923.
300 ## - DESCRIPCIÓN FÍSICA
Extensión 23 h. ;
Dimensiones 22 cm.
500 ## - NOTA GENERAL
Nota general Es separata de la Revista de Occidente, octubre de 1923, es un ejemplar fotocopiado.
852 ## - LOCALIZACIÓN
Ubicación ES-MaACL
Número de control de estantería L-8957
Sublocalización o colección R.110656
Holdings
Estatus retirado Estado de pérdida Estado de daño No para préstamo Biblioteca de origen Biblioteca actual Ubicación en estantería Fecha de adquisición Fuente de adquisición Total de préstamos Signatura topográfica completa Código de barras Visto por última vez Precio de reemplazo Tipo de ítem Koha
        Biblioteca del Ateneo de Madrid Biblioteca del Ateneo de Madrid Depósito 2 17/01/2008     L-8957 1142985 23/02/2023 23/02/2023 Libro impreso